Population and development (Record no. 1459759)

MARC details
000 -LEADER
fixed length control field 00516nam a2200205Ia 4500
005 - DATE AND TIME OF LATEST TRANSACTION
control field 20250923150122.0
008 - FIXED-LENGTH DATA ELEMENTS--GENERAL INFORMATION
fixed length control field 008 250917s9999 xx 000 0 eng d
037 ## - SOURCE OF ACQUISITION
Stock number Textual
040 ## - CATALOGING SOURCE
Original cataloging agency DSWL
Language of cataloging eng
Transcribing agency DSWL
041 ## - LANGUAGE CODE
Language code of text/sound track or separate title eng
Source of code eng
084 ## - COLON CLASSIFICATION NUMBER
Assigning agency DSWL
100 ## - MAIN ENTRY--PERSONAL NAME
Personal name Kim, Son Ung
9 (RLIN) 842432
245 #0 - TITLE STATEMENT
Title Population and development
Statement of responsibility, etc. by Son Ung Kim
260 ## - PUBLICATION, DISTRIBUTION, ETC.
Place of publication, distribution, etc. New Delhi
Name of publisher, distributor, etc. Sunrise India
Date of publication, distribution, etc. 2002
300 ## - PHYSICAL DESCRIPTION
Extent 538p.
365 ## - TRADE PRICE
Price type code INR
Price amount 990
925 ## -
-- 990
942 ## - ADDED ENTRY ELEMENTS (KOHA)
Koha item type Textual
Holdings
Withdrawn status Lost status Damaged status Not for loan Home library Current library Date acquired Source of acquisition Inventory number Total Checkouts Barcode Date last seen Price effective from Koha item type
        Department of Social Work Library Department of Social Work Library 2025-09-23 Kamna Book Distb 29/02-03 , 10/10/2002   SW0028373 2025-09-23 2025-09-23 Textual
Copyright @ Delhi University Library System